| 000 | 00547cac a22001815a 4500 | ||
|---|---|---|---|
| 008 | 080908r2008 ua |||| |||| 000 0 eng d | ||
| 040 |
_aEG-ScBUE _beng _cEG-ScBUE |
||
| 082 | 0 | 4 |
_a343 _bALS _222 |
| 100 | 1 |
_aAl-Shazly, Tahseen. _923266 |
|
| 245 | 1 | 0 |
_aTax Accounting / _cTahseen Al-Shazly. |
| 260 |
_aCairo: _bFaculty Of Commece,Cairo University, _c2010, |
||
| 300 |
_a401 p. ; _c20 cm. |
||
| 590 | _aDoha Ragab | ||
| 650 |
_aTax accounting _923267 _2BUEsh |
||
| 651 | _2BUEsh | ||
| 653 |
_bBUSECO _cAugust2015 |
||
| 942 |
_cBB _k343SHA _2ddc |
||
| 999 |
_c20715 _d20687 |
||